Inside network security assessment : guarding your IT infrastructure (Record no. 187361)

MARC details
000 -LEADER
fixed length control field 00509nam a2200169Ia 4500
008 - FIXED-LENGTH DATA ELEMENTS--GENERAL INFORMATION
fixed length control field 231217s9999 xx 000 0 und d
020 ## - INTERNATIONAL STANDARD BOOK NUMBER
International Standard Book Number 8177589636
041 ## - LANGUAGE CODE
Language code of text/sound track or separate title English
082 ## - DEWEY DECIMAL CLASSIFICATION NUMBER
Classification number 001.64404 GRE;1 R
100 ## - MAIN ENTRY--PERSONAL NAME
Personal name Gregg, Michael. Kim, David.
245 #0 - TITLE STATEMENT
Title Inside network security assessment : guarding your IT infrastructure
260 ## - PUBLICATION, DISTRIBUTION, ETC.
Date of publication, distribution, etc. 2006
Name of publisher, distributor, etc. Dorling Kindersley
Place of publication, distribution, etc. New Delhi
300 ## - PHYSICAL DESCRIPTION
Extent x, 293
300 ## - PHYSICAL DESCRIPTION
Dimensions CD4897
650 ## - SUBJECT ADDED ENTRY--TOPICAL TERM
Topical term or geographic name entry element Inside,network,assessment,guarding,infrastructure
942 ## - ADDED ENTRY ELEMENTS (KOHA)
Koha item type Books
Holdings
Date last seen Total checkouts Full call number Accession number Cost, total (INR) price Price effective from Category Lost status Damaged status Department Withdrawn status Home library Current library Shelving location Entry date Vendor Cost, normal purchase price Grants Billnumber Billdate Currency symbol Conversion rate Discount Old discount
26/01/2024   001.64404 GRE;1 R 67621 162.50 26/01/2024 Books     Central Library   Central Library Central Library Central Library 29/07/2010 Book Paradise 325.00 CS 60071 25/02/2014 RS 1 162.5 50
26/01/2024   001.64404 GRE;2 R1 67622 162.50 26/01/2024 Books     Central Library   Central Library Central Library Central Library 29/07/2010 Book Paradise 325.00 CS 60071 25/02/2014 RS 1 162.5 50
26/01/2024   001.64404 GRE;3 67623 162.50 26/01/2024 Books     Central Library   Central Library Central Library Central Library 29/07/2010 Book Paradise 325.00 CS 60071 25/02/2014 RS 1 162.5 50

© For any Suggestions or Query, please contact the library staff @ librarian@pes.edu or Phone: +9180 2672 1983/ 2108.